[Event "Horodok 800 Years"]
[Site "Horodok"]
[Date "2013.02.15"]
[Round "7"]
[White "Chulivska, Vita"]
[Black "Terletsky, Oleg"]
[Result "0-1"]
[WhiteElo "2253"]
[BlackElo "2250"]
[PlyCount "80"]
[EventDate "2013.02.11"]
[EventType "tourn"]
[EventRounds "9"]
[EventCountry "UKR"]
[EventCategory "1"]
[SourceTitle "EXT 2014"]
[Source "ChessBase"]
[SourceDate "2013.11.20"]
[SourceVersion "1"]
[SourceVersionDate "2013.11.20"]
[SourceQuality "1"]

1. e4 e6 2. d4 d5 3. Nd2 Nf6 4. e5 Nfd7 5. Bd3 c5 6. c3 Nc6 7. Ne2 cxd4 8. cxd4 f6 9. exf6 Qxf6 10. Nf3 h6 11. 0-0 Bd6 12. Ng3 0-0 13. Re1 e5 14. dxe5 Ndxe5 15. Be2 Be6 16. Be3 Ng4 17. Bd2 Nxf2 18. Kxf2 Bc5+ 19. Be3 d4 20. Kg1 dxe3 21. Ne4 Qe7 22. Nxc5 Qxc5 23. Qc1 Qxc1 24. Rexc1 Rfe8 25. Bc4 Rad8 26. Bxe6+ Rxe6 27. Rc3 Nd4 28. Nxd4 Rxd4 29. Re1 Rd2 30. Rb3 b6 31. Rbxe3 Rxe3 32. Rxe3 Rxb2 33. a3 a5 34. h4 a4 35. Kf1 Kf7 36. Rc3 Kf6 37. Rc4 b5 38. Rc5 b4 39. Rc4 bxa3 40. Rxa4 a2 0-1

[Event "Horodok 800 Years"]
[Site "Horodok"]
[Date "2013.02.12"]
[Round "2"]
[White "Grekh, Andrey"]
[Black "Chulivska, Vita"]
[Result "1-0"]
[WhiteElo "2373"]
[BlackElo "2253"]
[PlyCount "107"]
[EventDate "2013.02.11"]
[EventType "tourn"]
[EventRounds "9"]
[EventCountry "UKR"]
[EventCategory "1"]
[SourceTitle "EXT 2014"]
[Source "ChessBase"]
[SourceDate "2013.11.20"]
[SourceVersion "1"]
[SourceVersionDate "2013.11.20"]
[SourceQuality "1"]

1. e4 c5 2. Nf3 d6 3. d4 cxd4 4. Nxd4 Nf6 5. Nc3 a6 6. Be2 e6 7. 0-0 Be7 8. Be3 0-0 9. f4 Nc6 10. Kh1 Bd7 11. Qe1 Nxd4 12. Bxd4 Bc6 13. Qg3 b5 14. Bd3 b4 15. Nd1 d5 16. Bxf6 Bxf6 17. e5 Bh4 18. Qh3 g6 19. Ne3 a5 20. Rad1 a4 21. f5 exf5 22. Nxf5 Bg5 23. Nh6+ Bxh6 24. Qxh6 Qc7 25. Rf6 d4 26. Rdf1 Bd5 27. R1f4 Qxe5 28. Rh4 Rfe8 29. Qxh7+ Kf8 30. Rhf4 Ke7 31. Rxf7+ Bxf7 32. Qxf7+ Kd6 33. Re4 Qxe4 34. Bxe4 Rxe4 35. Qxg6+ Re6 36. Qg3+ Re5 37. h4 Rae8 38. Kh2 Kc5 39. Qg7 R8e7 40. Qf8 Kb5 41. Qb8+ Kc5 42. a3 bxa3 43. bxa3 Re4 44. Qb4+ Kd5 45. Qb5+ Kd6 46. Kh3 Re3+ 47. g3 Rg7 48. Qb8+ Kd5 49. h5 Rxa3 50. Qd8+ Kc4 51. Qc8+ Kd5 52. Qf5+ Kc4 53. Qe6+ Kc5 54. Qe5+ 1-0

[Event "Fujairah Masters op"]
[Site "Fujairah"]
[Date "2012.11.14"]
[Round "2"]
[White "Mchedlishvili, Mikheil"]
[Black "Chulivska, Vita"]
[Result "1-0"]
[WhiteElo "2639"]
[BlackElo "2248"]
[PlyCount "76"]
[EventDate "2012.11.13"]
[EventType "swiss"]
[EventRounds "9"]
[EventCountry "UAE"]
[SourceTitle "CBM 151 Extra"]
[Source "ChessBase"]
[SourceDate "2012.12.18"]
[SourceVersion "1"]
[SourceVersionDate "2012.12.18"]
[SourceQuality "1"]

1. d4 Nf6 2. c4 e6 3. g3 d5 4. Nf3 Be7 5. Bg2 0-0 6. 0-0 c6 7. Qc2 Nbd7 8. Nbd2 b6 9. e4 Bb7 10. e5 Ne8 11. cxd5 cxd5 12. Re1 Rc8 13. Qa4 Bc6 14. Qd1 a5 15. h4 Bb5 16. Nb1 Nb8 17. Ng5 h6 18. Nh3 Nc6 19. Nf4 Ba6 20. Be3 b5 21. Nc3 Qb6 22. Rc1 Qa7 23. Qg4 Kh8 24. Ncxd5 exd5 25. Nxd5 Bd8 26. Qf5 Nxd4 27. Bxd4 Qxd4 28. Rxc8 Bxc8 29. Qxc8 Nc7 30. Nxc7 Qc5 31. Qf5 Bxc7 32. h5 g6 33. Qf6+ Kh7 34. e6 fxe6 35. hxg6+ Kg8 36. Qxe6+ Kh8 37. Qe7 Qxf2+ 38. Kh1 Qg1+ 1-0

[Event "Fujairah Masters op"]
[Site "Fujairah"]
[Date "2012.11.13"]
[Round "1"]
[White "Chulivska, Vita"]
[Black "Sandipan, Chanda"]
[Result "1/2-1/2"]
[WhiteElo "2248"]
[BlackElo "2596"]
[PlyCount "70"]
[EventDate "2012.11.13"]
[EventType "swiss"]
[EventRounds "9"]
[EventCountry "UAE"]
[SourceTitle "CBM 151 Extra"]
[Source "ChessBase"]
[SourceDate "2012.12.18"]
[SourceVersion "1"]
[SourceVersionDate "2012.12.18"]
[SourceQuality "1"]

1. e4 c5 2. Nf3 d6 3. d4 cxd4 4. Nxd4 Nf6 5. Nc3 a6 6. Be3 Nc6 7. f3 Bd7 8. Qd2 Nxd4 9. Bxd4 e5 10. Be3 Rc8 11. g4 h6 12. h4 Be6 13. 0-0-0 Qa5 14. a3 Be7 15. Bh3 Nd7 16. g5 hxg5 17. Bxe6 fxe6 18. hxg5 Rxh1 19. Rxh1 Nf8 20. Rh8 b5 21. Kb1 b4 22. Na2 Qb5 23. Qxb4 Qe2 24. Qa4+ Kf7 25. Bc1 Rc4 26. Qb3 Rd4 27. Qb7 Rd1 28. Nc3 Rxc1+ 29. Kxc1 Qe1+ 30. Nd1 Ng6 31. Rc8 Nf4 32. Rc7 Ne2+ 33. Kb1 Qxd1+ 34. Ka2 Nc1+ 35. Kb1 Ne2+ 1/2-1/2

[Event "Lvov University Cup"]
[Site "Lvov"]
[Date "2012.08.22"]
[Round "10"]
[White "Chulivska, Vita"]
[Black "Meleshko, Vladimir"]
[Result "1-0"]
[WhiteElo "2256"]
[BlackElo "2296"]
[PlyCount "114"]
[EventDate "2012.08.15"]
[EventType "tourn"]
[EventRounds "11"]
[EventCountry "UKR"]
[EventCategory "2"]
[SourceTitle "EXT 2014"]
[Source "ChessBase"]
[SourceDate "2013.11.20"]
[SourceVersion "1"]
[SourceVersionDate "2013.11.20"]
[SourceQuality "1"]

1. e4 e5 2. Nf3 Nc6 3. Bb5 a6 4. Ba4 Nf6 5. 0-0 Be7 6. Re1 b5 7. Bb3 d6 8. c3 0-0 9. h3 Na5 10. Bc2 c5 11. d4 Qc7 12. Nbd2 Bd7 13. Nf1 Rac8 14. d5 Nb7 15. b3 Ne8 16. Ng3 g6 17. Bh6 Ng7 18. Nh2 Nd8 19. Ng4 f6 20. f4 exf4 21. Bxf4 Nf7 22. Nh6+ Kh8 23. Nxf7+ Rxf7 24. Bh6 Bf8 25. h4 Re8 26. Re3 Qc8 27. Qd2 Bg4 28. Rf1 Nh5 29. Bxf8 Rfxf8 30. Nxh5 Bxh5 31. Rg3 Qd7 32. c4 b4 33. Qf4 Re5 34. Rg5 Kg7 35. Rxe5 dxe5 36. Qf2 Qd6 37. Kh2 h6 38. Qg3 a5 39. Qh3 g5 40. hxg5 hxg5 41. Rh1 Bg6 42. Kg3 Kf7 43. Rf1 Ke7 44. Qh6 Rg8 45. Kf3 a4 46. Ke3 axb3 47. axb3 Qa6 48. Qh3 Bf7 49. Qf5 g4 50. Rh1 Rg5 51. Qf2 Rg6 52. Rh7 g3 53. Qf5 Rg5 54. Qh3 Kf8 55. Qd7 Rg7 56. Qd8+ Be8 57. Rh8+ Rg8 1-0

[Event "Lvov University Cup"]
[Site "Lvov"]
[Date "2012.08.21"]
[Round "9"]
[White "Sychevskyy, Andriy"]
[Black "Chulivska, Vita"]
[Result "1/2-1/2"]
[WhiteElo "2040"]
[BlackElo "2256"]
[PlyCount "130"]
[EventDate "2012.08.15"]
[EventType "tourn"]
[EventRounds "11"]
[EventCountry "UKR"]
[EventCategory "2"]
[SourceTitle "EXT 2014"]
[Source "ChessBase"]
[SourceDate "2013.11.20"]
[SourceVersion "1"]
[SourceVersionDate "2013.11.20"]
[SourceQuality "1"]

1. d4 Nf6 2. c4 e6 3. g3 d5 4. Nf3 dxc4 5. Bg2 a6 6. 0-0 Nc6 7. Nc3 Be7 8. Qa4 Bd7 9. Qxc4 b5 10. Qb3 Na5 11. Qc2 Bc6 12. a3 0-0 13. Rd1 Qc8 14. e4 Rd8 15. Ne5 Bb7 16. Bf4 Nd7 17. Nf3 Nc4 18. Rac1 Ndb6 19. Bh3 c6 20. Qe2 a5 21. b3 Nxa3 22. d5 b4 23. dxe6 Rxd1+ 24. Nxd1 Kh8 25. Ne5 fxe6 26. Qh5 Bf6 27. Nf7+ Kg8 28. Nd6 Qd7 29. e5 Nd5 30. Nxb7 Nxf4 31. gxf4 Be7 32. Nd6 Bxd6 33. exd6 Qxd6 34. Qe5 Qd2 35. Qxe6+ Kh8 36. Qe3 Qd6 37. Bg2 Rd8 38. Nb2 Qf6 39. Qe5 Qf7 40. Qxa5 Rb8 41. Qe5 Re8 42. Qc5 Qxb3 43. Qxc6 Rf8 44. Qd6 Rg8 45. Qd2 Rf8 46. Bd5 Qh3 47. Qe3 Qg4+ 48. Qg3 Qf5 49. Qg5 Qd7 50. Re1 h6 51. Re7 hxg5 52. Rxd7 gxf4 53. Rb7 Nc2 54. Be4 Nd4 55. Rxb4 Ne6 56. Bd5 Ng5 57. Nd3 g6 58. Nxf4 Rxf4 59. Rxf4 Nh3+ 60. Kf1 Nxf4 61. Be4 Kg7 62. f3 g5 63. Kf2 Kf6 64. Kg3 Ne2+ 65. Kg4 Nd4 1/2-1/2

[Event "Lvov University Cup"]
[Site "Lvov"]
[Date "2012.08.20"]
[Round "8"]
[White "Chulivska, Vita"]
[Black "Kvetny, Mark"]
[Result "1/2-1/2"]
[WhiteElo "2256"]
[BlackElo "2231"]
[PlyCount "132"]
[EventDate "2012.08.15"]
[EventType "tourn"]
[EventRounds "11"]
[EventCountry "UKR"]
[EventCategory "2"]
[SourceTitle "EXT 2014"]
[Source "ChessBase"]
[SourceDate "2013.11.20"]
[SourceVersion "1"]
[SourceVersionDate "2013.11.20"]
[SourceQuality "1"]

1. e4 c5 2. Nf3 d6 3. d4 cxd4 4. Nxd4 Nf6 5. Nc3 a6 6. f3 e5 7. Nb3 Be6 8. Be3 Nbd7 9. Qd2 b5 10. g4 Nb6 11. g5 Nfd7 12. Na5 Rc8 13. a3 Be7 14. 0-0-0 Qc7 15. h4 Na4 16. Nd5 Bxd5 17. exd5 Ndb6 18. Bh3 Rb8 19. Qb4 Nc4 20. Nxc4 Qxc4 21. b3 Qxb4 22. axb4 Nb6 23. Kb2 0-0 24. h5 g6 25. Rd2 Na8 26. hxg6 fxg6 27. f4 Rxf4 28. Bxf4 exf4 29. Rdh2 Kg7 30. Bc8 Bxg5 31. Rxh7+ Kf6 32. Be6 Rf8 33. Re1 f3 34. Bh3 Bf4 35. Re6+ Kg5 36. Bf1 Nb6 37. c4 Rc8 38. Rb7 Na8 39. Bd3 Be5+ 40. Kc2 Kf4 41. Rxg6 Rh8 42. Rg1 Rh2+ 43. Kc1 Ke3 44. Rd1 Bf4 45. Ra7 Kd4+ 46. Kb1 Kc3 47. Rxa8 Rb2+ 48. Ka1 Be5 49. Re8 Bg7 50. Re7 Bf6 51. Re6 Bg7 52. Re7 Bf6 53. Rf7 Be5 54. Rf5 Bg7 55. Rg1 Bd4 56. Rxf3 Kxb4 57. Rg4 Be5 58. cxb5+ Ka3 59. Ra4+ Kxb3 60. Bc2+ Kxc2 61. Rc4+ Kd1 62. Rf1+ Ke2 63. Rf5 Rxb5+ 64. Rxe5+ dxe5 65. Re4+ Kd3 66. Rxe5 Kd4 1/2-1/2

[Event "Lvov University Cup"]
[Site "Lvov"]
[Date "2012.08.19"]
[Round "6"]
[White "Chulivska, Vita"]
[Black "Terletsky, Oleg"]
[Result "0-1"]
[WhiteElo "2256"]
[BlackElo "2230"]
[PlyCount "108"]
[EventDate "2012.08.15"]
[EventType "tourn"]
[EventRounds "11"]
[EventCountry "UKR"]
[EventCategory "2"]
[SourceTitle "EXT 2014"]
[Source "ChessBase"]
[SourceDate "2013.11.20"]
[SourceVersion "1"]
[SourceVersionDate "2013.11.20"]
[SourceQuality "1"]

1. e4 e5 2. Nf3 Nc6 3. Bb5 a6 4. Ba4 Nf6 5. 0-0 Be7 6. Re1 b5 7. Bb3 0-0 8. h3 d6 9. c3 Bb7 10. d4 Re8 11. Nbd2 Bf8 12. a3 h6 13. d5 Nb8 14. Nh2 c6 15. dxc6 Bxc6 16. Qf3 Ra7 17. Ng4 Nxg4 18. hxg4 Rd7 19. Bd5 Rc7 20. Nf1 Bxd5 21. exd5 Be7 22. Ng3 Bg5 23. Nf5 Bxc1 24. Raxc1 Qf6 25. g3 Nd7 26. Kg2 Nc5 27. Rh1 e4 28. Qe3 Nd3 29. Rb1 Rc5 30. Rh5 Re5 31. Rbh1 Rcxd5 32. Rxh6 gxh6 33. Rxh6 Rxf5 34. Rxf6 Rxf6 35. Qxe4 Rxf2+ 36. Kg1 Re5 37. Qxd3 Rxb2 38. Kf1 Re6 39. g5 Ra2 40. c4 bxc4 41. Qxc4 Rxa3 42. Kf2 a5 43. Qc8+ Kg7 44. Qc2 Rae3 45. Qa4 Re2+ 46. Kf1 R2e5 47. Qh4 Re4 48. Qh3 a4 49. Qf5 a3 50. Qa5 a2 51. Qxa2 Re1+ 52. Kf2 R1e2+ 53. Qxe2 Rxe2+ 54. Kxe2 Kg6 0-1

[Event "Lvov University Cup"]
[Site "Lvov"]
[Date "2012.08.17"]
[Round "4"]
[White "Doluhanova, Evgeniya"]
[Black "Chulivska, Vita"]
[Result "1/2-1/2"]
[WhiteElo "2194"]
[BlackElo "2256"]
[PlyCount "125"]
[EventDate "2012.08.15"]
[EventType "tourn"]
[EventRounds "11"]
[EventCountry "UKR"]
[EventCategory "2"]
[SourceTitle "EXT 2014"]
[Source "ChessBase"]
[SourceDate "2013.11.20"]
[SourceVersion "1"]
[SourceVersionDate "2013.11.20"]
[SourceQuality "1"]

1. e4 c5 2. Na3 d6 3. d3 Nc6 4. f4 Nf6 5. Nf3 e6 6. Be2 Be7 7. 0-0 0-0 8. Qe1 Bd7 9. c3 d5 10. e5 Ng4 11. Nc2 d4 12. Nfxd4 Ngxe5 13. Nxc6 Nxc6 14. Be3 b6 15. Rd1 Bf6 16. Bf3 Rc8 17. d4 cxd4 18. Nxd4 Nxd4 19. Bxd4 Bxd4+ 20. Rxd4 Qc7 21. Qd2 Bc6 22. Bxc6 Qxc6 23. Rd1 g6 24. Rd7 Rc7 25. Rxc7 Qxc7 26. Qd4 Rc8 27. Rd3 Qc5 28. Qxc5 Rxc5 29. Rd7 Ra5 30. a3 h6 31. Kf2 g5 32. g3 gxf4 33. gxf4 Kg7 34. Ke3 Kg6 35. c4 Rh5 36. Rxa7 Rxh2 37. b4 h5 38. a4 Rb2 39. b5 h4 40. a5 bxa5 41. Rxa5 h3 42. Ra1 Kf5 43. Kd3 e5 44. Kc3 Rg2 45. b6 h2 46. Rh1 exf4 47. b7 Rg3+ 48. Kb4 Rg8 49. c5 Rg1 50. b8Q Rxh1 51. Qc8+ Kg5 52. Qg8+ Kh4 53. Qh7+ Kg3 54. Qg7+ Kf2 55. Qb2+ Kg3 56. c6 Re1 57. Qc3+ Re3 58. Qg7+ Kf2 59. Qh8 Kg1 60. c7 h1Q 61. Qa1+ Kh2 62. Qxh1+ Kxh1 63. c8Q 1/2-1/2

[Event "Lvov University Cup"]
[Site "Lvov"]
[Date "2012.08.15"]
[Round "2"]
[White "Tovmasian, Vardges"]
[Black "Chulivska, Vita"]
[Result "1-0"]
[WhiteElo "2420"]
[BlackElo "2256"]
[PlyCount "71"]
[EventDate "2012.08.15"]
[EventType "tourn"]
[EventRounds "11"]
[EventCountry "UKR"]
[EventCategory "2"]
[SourceTitle "EXT 2014"]
[Source "ChessBase"]
[SourceDate "2013.11.20"]
[SourceVersion "1"]
[SourceVersionDate "2013.11.20"]
[SourceQuality "1"]

1. d4 Nf6 2. c4 e6 3. Nc3 Bb4 4. e3 c5 5. Nge2 cxd4 6. exd4 d5 7. a3 Be7 8. c5 b6 9. b4 a5 10. Bf4 0-0 11. g3 Bb7 12. Bg2 Nbd7 13. 0-0 Re8 14. Nb5 Rc8 15. Re1 Ne4 16. f3 Nef6 17. Bd6 Ba6 18. Bxe7 Rxe7 19. Nd6 Bxe2 20. Qxe2 Rb8 21. f4 bxc5 22. bxc5 Qc7 23. Rab1 g6 24. a4 h5 25. Kh1 Kf8 26. Qa6 Ng4 27. h3 Nh6 28. Nb5 Qd8 29. Nd6 Ra8 30. Qe2 Nf6 31. Qe5 Rd7 32. Rb3 Kg8 33. Reb1 Kh7 34. Rb7 Rxd6 35. cxd6 Ra6 36. Rb8 1-0

[Event "Zhovkva Royal Residence Cup 2nd"]
[Site "Zhovkva"]
[Date "2011.07.03"]
[Round "9"]
[White "Chulivska, Vita"]
[Black "Itkis, Boris"]
[Result "1-0"]
[WhiteElo "2219"]
[BlackElo "2431"]
[PlyCount "69"]
[EventDate "2011.06.27"]
[EventType "tourn"]
[EventRounds "9"]
[EventCountry "UKR"]
[SourceTitle "EXT 2012"]
[Source "ChessBase"]
[SourceDate "2011.11.24"]
[SourceVersion "1"]
[SourceVersionDate "2011.11.24"]
[SourceQuality "1"]

1. e4 c5 2. Nc3 Nc6 3. g3 g6 4. Bg2 Bg7 5. d3 d6 6. f4 Nf6 7. Nf3 0-0 8. 0-0 Rb8 9. h3 b5 10. Be3 b4 11. Ne2 Nd7 12. d4 cxd4 13. Nexd4 Bb7 14. Nxc6 Bxc6 15. Bxa7 Bxb2 16. Bxb8 Bxa1 17. Qxa1 Qb6+ 18. Kh2 Rxb8 19. Nd4 Ba8 20. Rb1 Qc5 21. f5 Nf6 22. a3 Bxe4 23. Bxe4 Nxe4 24. Rxb4 Ra8 25. fxg6 hxg6 26. Rb5 Qc4 27. Qd1 Nc3 28. Qf3 Rxa3 29. Rb8+ Kg7 30. Qf4 Qd5 31. Qh4 Qh5 32. Qxe7 Qe5 33. Qh4 Qh5 34. Ne6+ Kh7 35. Ng5+ 1-0

[Event "Zhovkva Royal Residence Cup 2nd"]
[Site "Zhovkva"]
[Date "2011.07.01"]
[Round "6"]
[White "Semcesen, Daniel"]
[Black "Chulivska, Vita"]
[Result "1/2-1/2"]
[WhiteElo "2472"]
[BlackElo "2219"]
[PlyCount "123"]
[EventDate "2011.06.27"]
[EventType "tourn"]
[EventRounds "9"]
[EventCountry "UKR"]
[SourceTitle "EXT 2012"]
[Source "ChessBase"]
[SourceDate "2011.11.24"]
[SourceVersion "1"]
[SourceVersionDate "2011.11.24"]
[SourceQuality "1"]

1. d4 Nf6 2. c4 c5 3. d5 b5 4. Nf3 bxc4 5. Nc3 g6 6. e4 d6 7. e5 dxe5 8. Nxe5 Bg7 9. Bxc4 0-0 10. 0-0 Bb7 11. Re1 Nbd7 12. Nc6 Bxc6 13. dxc6 Nb6 14. Ba6 Nfd5 15. Nxd5 Nxd5 16. Bb7 Rb8 17. Qf3 Qd6 18. h4 h5 19. Re2 Bd4 20. Bg5 f6 21. Bh6 Rf7 22. Rae1 e5 23. Bc1 f5 24. Bg5 Rc7 25. Qa3 Nb4 26. Be3 Nxc6 27. Bxc6 Rxc6 28. Bxd4 cxd4 29. Rxe5 Qxa3 30. bxa3 Rd8 31. Re8+ Rxe8 32. Rxe8+ Kf7 33. Rd8 Rc1+ 34. Kh2 Rc4 35. f3 Kf6 36. Kg3 Ke5 37. Re8+ Kd5 38. Rd8+ Kc5 39. Kf4 Rc3 40. Ke5 Re3+ 41. Kf6 d3 42. Kxg6 Re6+ 43. Kxf5 Rd6 44. Rc8+ Kd4 45. Rc1 d2 46. Rg1 Ke3 47. g4 hxg4 48. fxg4 d1Q 49. Rxd1 Rxd1 50. g5 Rh1 51. g6 Rxh4 52. g7 Rf4+ 53. Kg6 Rg4+ 54. Kf7 Kd4 55. g8Q Rxg8 56. Kxg8 Kc3 57. Kf7 Kb2 58. Ke6 Kxa3 59. Kd5 a5 60. Kc4 a4 61. Kc3 Kxa2 62. Kc2 1/2-1/2

[Event "Lvov Vasylyshyn Memorial (Women)"]
[Site "Lvov"]
[Date "2010.11.30"]
[Round "8"]
[White "Chulivska, Vita"]
[Black "Petrenko, Svetlana"]
[Result "1-0"]
[WhiteElo "2215"]
[BlackElo "2256"]
[PlyCount "133"]
[EventDate "2010.11.23"]
[EventType "tourn"]
[EventRounds "9"]
[EventCountry "UKR"]
[SourceTitle "CBM 139 Extra"]
[Source "ChessBase"]
[SourceDate "2011.01.05"]
[SourceVersion "1"]
[SourceVersionDate "2011.01.05"]
[SourceQuality "1"]

1. e4 e5 2. Nf3 Nc6 3. Bb5 a6 4. Ba4 d6 5. 0-0 Bg4 6. h3 Bh5 7. c3 Nf6 8. Re1 Be7 9. d3 b5 10. Bc2 Qd7 11. Be3 d5 12. exd5 Nxd5 13. Nbd2 0-0 14. Ne4 Nxe3 15. fxe3 f5 16. Ng3 Bg6 17. e4 Bc5+ 18. Kh2 f4 19. Nf5 Bxf5 20. exf5 Bf2 21. Nxe5 Qd6 22. Bb3+ Kh8 23. Ng6+ hxg6 24. Re6 Qc5 25. Rxg6 Qxf5 26. Rxc6 f3 27. gxf3 Qf4+ 28. Kh1 Rae8 29. Qf1 Qxf3+ 30. Qg2 Qxg2+ 31. Kxg2 Re2 32. Kh1 Bg3 33. Rg6 Rf3 34. Rg5 Kh7 35. Bd5 Rfe3 36. Rf1 Kh6 37. Rg4 Rh2+ 38. Kg1 Rxh3 39. Rf8 Bh2+ 40. Kf2 g5 41. Bg2 Kh5 42. Bxh3 Rxh3 43. Re4 Kg6 44. Re6+ Kg7 45. Rf3 Rh5 46. Rxa6 Bd6 47. b4 g4 48. Re3 Rh2+ 49. Kg1 Rc2 50. d4 Kf6 51. a4 bxa4 52. Rxa4 Kf5 53. Ra8 Rc1+ 54. Kg2 Rc2+ 55. Kf1 g3 56. Rg8 Bf4 57. Rexg3 Bxg3 58. Rxg3 Kf4 59. Rh3 c6 60. Ke1 Ke4 61. Kd1 Rg2 62. Kc1 Rf2 63. Rh5 Kd3 64. Rc5 Rc2+ 65. Kb1 Rxc3 66. Rxc3+ Kxc3 67. b5 1-0

[Event "Lvov Vasylyshyn Memorial (Women)"]
[Site "Lvov"]
[Date "2010.11.29"]
[Round "7"]
[White "Fominykh, Maria"]
[Black "Chulivska, Vita"]
[Result "0-1"]
[WhiteElo "2309"]
[BlackElo "2215"]
[PlyCount "72"]
[EventDate "2010.11.23"]
[EventType "tourn"]
[EventRounds "9"]
[EventCountry "UKR"]
[SourceTitle "CBM 139 Extra"]
[Source "ChessBase"]
[SourceDate "2011.01.05"]
[SourceVersion "1"]
[SourceVersionDate "2011.01.05"]
[SourceQuality "1"]

1. d4 Nf6 2. Nf3 e6 3. c4 d5 4. g3 dxc4 5. Bg2 a6 6. 0-0 Nc6 7. Nc3 Rb8 8. e4 b5 9. d5 Nb4 10. Bg5 Be7 11. a3 Nd3 12. Nd4 Bb7 13. b3 0-0 14. bxc4 bxc4 15. Qa4 Nxd5 16. exd5 Bxg5 17. Qxc4 Ne5 18. Qa4 Bf6 19. dxe6 Qxd4 20. Qxd4 Nf3+ 21. Bxf3 Bxd4 22. Bxb7 Rxb7 23. exf7+ Rxf7 24. Rac1 Rb3 25. Nd5 c5 26. a4 Ra3 27. Rc4 g5 28. Kg2 Ra2 29. h4 Bxf2 30. Kh3 Ra3 31. Rg4 h6 32. Rb1 Rd3 33. Rb8+ Kg7 34. Rd8 Bg1 35. hxg5 h5 36. Re4 Rd2 0-1

[Event "Paleochora op 3rd"]
[Site "Paleochora"]
[Date "2010.07.29"]
[Round "9"]
[White "Chulivska, Vita"]
[Black "Vorobiov, Evgeny E"]
[Result "0-1"]
[WhiteElo "2231"]
[BlackElo "2592"]
[PlyCount "66"]
[EventDate "2010.07.22"]
[EventType "swiss"]
[EventRounds "9"]
[EventCountry "GRE"]
[SourceTitle "CBM 137 Extra"]
[Source "ChessBase"]
[SourceDate "2010.09.01"]
[SourceVersion "1"]
[SourceVersionDate "2010.09.01"]
[SourceQuality "1"]

1. e4 c5 2. b4 cxb4 3. a3 d5 4. exd5 Qxd5 5. Nf3 e6 6. Bb2 Nf6 7. Bd3 Nc6 8. 0-0 Be7 9. Re1 b3 10. Ne5 bxc2 11. Bxc2 Nxe5 12. Bxe5 Bd7 13. Nc3 Qa5 14. Rb1 Bc6 15. Nb5 0-0 16. Re3 g6 17. Qe2 Nd5 18. Rh3 Bf6 19. Bxf6 Nxf6 20. g4 Qd8 21. Nc3 Nd5 22. Rb4 Nxb4 23. axb4 Qg5 24. b5 Bd5 25. Be4 Rad8 26. Re3 f5 27. Bxd5 exd5 28. Re5 Qxg4+ 29. Qxg4 fxg4 30. Nxd5 Kg7 31. Nc7 Rxd2 32. b6 axb6 33. Rb5 Rfxf2 0-1

[Event "Paleochora op 3rd"]
[Site "Paleochora"]
[Date "2010.07.26"]
[Round "6"]
[White "Georgiadis, Ioannis"]
[Black "Chulivska, Vita"]
[Result "1-0"]
[WhiteElo "2457"]
[BlackElo "2231"]
[PlyCount "47"]
[EventDate "2010.07.22"]
[EventType "swiss"]
[EventRounds "9"]
[EventCountry "GRE"]
[SourceTitle "CBM 137 Extra"]
[Source "ChessBase"]
[SourceDate "2010.09.01"]
[SourceVersion "1"]
[SourceVersionDate "2010.09.01"]
[SourceQuality "1"]

1. e4 e5 2. Nf3 Nc6 3. Bb5 a6 4. Ba4 Nf6 5. d3 b5 6. Bb3 Be7 7. 0-0 Bb7 8. Re1 0-0 9. Nc3 d6 10. a4 Na5 11. Ba2 b4 12. Ne2 c5 13. Ng3 Bc6 14. Nf5 Ra7 15. Bg5 Bxa4 16. Nxe7+ Rxe7 17. Bxf6 gxf6 18. Nh4 Bd7 19. Bd5 Be6 20. Qh5 Ra7 21. Re3 Nb7 22. Bxe6 fxe6 23. Rg3+ Kh8 24. Ng6+ 1-0

[Event "Zhovkva Royal Residence Cup 1st"]
[Site "Zhovkva"]
[Date "2010.06.12"]
[Round "5"]
[White "Chulivska, Vita"]
[Black "Bernadskiy, Vitaliy"]
[Result "0-1"]
[WhiteElo "2265"]
[BlackElo "2402"]
[PlyCount "46"]
[EventDate "2010.06.08"]
[EventType "tourn"]
[EventRounds "9"]
[EventCountry "UKR"]
[EventCategory "3"]
[SourceTitle "CBM 136 Extra"]
[Source "ChessBase"]
[SourceDate "2010.07.02"]
[SourceVersion "2"]
[SourceVersionDate "2010.07.15"]
[SourceQuality "1"]

1. e4 e5 2. Nf3 Nc6 3. Bb5 a6 4. Ba4 d6 5. d4 b5 6. Bb3 Nxd4 7. Nxd4 exd4 8. Bd5 Rb8 9. Qxd4 Ne7 10. Bg5 f6 11. Bxf6 gxf6 12. Qxf6 Nxd5 13. Qxh8 Nf6 14. Nc3 c6 15. 0-0 Qe7 16. e5 dxe5 17. Rfe1 Bf5 18. Re2 Kf7 19. Rae1 Re8 20. Rxe5 Qxe5 21. Rxe5 Rxe5 22. f3 Bc5+ 23. Kf1 Re8 0-1

[Event "Zhovkva Royal Residence Cup 1st"]
[Site "Zhovkva"]
[Date "2010.06.08"]
[Round "1"]
[White "Chulivska, Vita"]
[Black "Vetoshko, Volodymyr"]
[Result "0-1"]
[WhiteElo "2265"]
[BlackElo "2206"]
[PlyCount "70"]
[EventDate "2010.06.08"]
[EventType "tourn"]
[EventRounds "9"]
[EventCountry "UKR"]
[EventCategory "3"]
[SourceTitle "CBM 136 Extra"]
[Source "ChessBase"]
[SourceDate "2010.07.02"]
[SourceVersion "2"]
[SourceVersionDate "2010.07.15"]
[SourceQuality "1"]

1. e4 c5 2. Nf3 e6 3. d4 cxd4 4. Nxd4 Nf6 5. Bd3 d6 6. 0-0 Be7 7. Be3 0-0 8. f4 Nc6 9. Nd2 Nxd4 10. Bxd4 e5 11. Bc3 Ng4 12. Qf3 exf4 13. Qxf4 Bg5 14. Qf3 Qb6+ 15. Kh1 Bxd2 16. Bxd2 Qxb2 17. Qg3 Ne5 18. a4 Bd7 19. Rab1 Qa2 20. Rxb7 Bxa4 21. Bc3 Qe6 22. Ra1 Qc8 23. Bxe5 dxe5 24. Re7 Bxc2 25. Bxc2 Qxc2 26. Qxe5 a5 27. h3 a4 28. Rf1 Qc4 29. Rf3 a3 30. Rc7 Qa2 31. Kh2 Qb2 32. Qd5 Kh8 33. Rfxf7 Rg8 34. Rxg7 Rxg7 35. Qxa8+ Rg8 0-1

[Event "UKR-chT 17th"]
[Site "Alushta"]
[Date "2010.05.20"]
[Round "11.3"]
[White "Strelnikov, Sergey"]
[Black "Chulivska, Vita"]
[Result "1-0"]
[WhiteElo "2409"]
[BlackElo "2265"]
[PlyCount "59"]
[EventDate "2010.05.13"]
[EventType "team-tourn"]
[EventRounds "11"]
[EventCountry "UKR"]
[SourceTitle "EXT 2019"]
[Source "ChessBase"]
[SourceDate "2018.10.10"]
[SourceVersion "1"]
[SourceVersionDate "2018.10.10"]
[SourceQuality "1"]
[WhiteTeam "Luhansk LugPokerChess"]
[BlackTeam "Pavlograd Tura"]
[WhiteTeamCountry "UKR"]
[BlackTeamCountry "UKR"]

1. Nf3 c5 2. c4 Nc6 3. d4 cxd4 4. Nxd4 Nf6 5. Nc3 e6 6. a3 a6 7. e4 d6 8. Be2 Be7 9. 0-0 0-0 10. Be3 Bd7 11. f3 Rc8 12. Qd2 Na5 13. b4 Nxc4 14. Bxc4 Rxc4 15. Rac1 b5 16. Nb3 Qb8 17. g4 Rfc8 18. Na5 R4c7 19. Rc2 e5 20. g5 Nh5 21. Rfc1 Be6 22. Nd5 Bxd5 23. exd5 Rxc2 24. Rxc2 Rxc2 25. Qxc2 Nf4 26. Nc6 Qe8 27. Bxf4 exf4 28. Qe4 Kf8 29. Qxh7 f6 30. g6 1-0